000 01029nam a2200241 a 4500
001 000046851
005 20201002053146.0
008 180403s2015 dr r 000 0 spa d
040 _aDO-SdBNP
_bspa
_cBNPHU
082 _aR 016.33097293
_bB528e, 2015
245 0 0 _aBibliografía económica dominicana 2013-2014.
260 _aSanto Domingo :
_bBanco Central de la República Dominicana,
_c2015.
300 _axxxiv, 525 p. ;
_c24 cm.
490 1 _aBanco Central de la República Dominicana,
_v219
490 1 _aBibliografía
_v14
500 _aIncluye índice de autores
590 _aInventariado, 2019/BT
651 4 _aRepública Dominicana
_xCondiciones Económicas
_y2013-2014
_vBIBLIOGRAFÍAS
_974797
651 4 _aRepública Dominicana
_xPolítica Económica
_y2013-2014
_vBIBLIOGRAFÍAS
_974798
651 4 _aRepública Dominicana
_xPolítica Económica
_y2013-2014
_vBIBLIOGRAFÍAS
_974798
830 0 _aBanco Central de la República Dominicana,
_v219
_pBibliografía
_n14
_974799
910 _aValidado. Control de calidad MFF
999 _c46340
_d46340